000 00787cam a22002534a 4500
001 12776924
005 20180201032000.0
008 020516s2002 vaua b 001 0 eng
010 _a 2002007798
020 _a0871206641 (pbk. : alk. paper)
040 _aDLC
_cDLC
_dDLC
041 _aeng
042 _apcc
043 _an-us---
080 _a371.335
082 0 0 _a371.335 SIM
_221
100 _a46
101 _aEDU
245 0 0 _aIncreasing student learning through multimedia projects /
_cMichael Simkins ... [et al.].
504 _aIncludes bibliographical references (p. 132) and index.
906 _a7
_bcbc
_corignew
_d1
_eecip
_f20
_gy-gencatlg
942 _2ddc
_cBK
999 _c41434
_d41434